Αγιορείτικα μετόχια στη Σάμο
Saved in:
| Main Author: | |
|---|---|
| Other Authors: | |
| Format: | Book |
| Language: | Greek |
| Published: |
Θεσσαλονίκη :
Αδερφών Κυριακίδη,
c1999.
|
| Subjects: | |
| Tags: |
Add Tag
No Tags, Be the first to tag this record!
|
MARC
| LEADER | 00000cam a2200000 i 4500 | ||
|---|---|---|---|
| 001 | 1/40898 | ||
| 008 | 030917s1999 gr | ||| |||| ||gre|| | ||
| 020 | |a 9603434973 | ||
| 035 | |l 10070894 | ||
| 040 | |a GR-MyUA |b gre |e AACR2 | ||
| 041 | 0 | |a gre | |
| 082 | 0 | |a 274.9582 | |
| 100 | 1 | |a Βαρβούνης, Εμμανουήλ Γερ., |d 1966- | |
| 245 | 1 | 0 | |a Αγιορείτικα μετόχια στη Σάμο / |c Μανώλης Γ. Βαρβούνης , Στάθης Ν. Κεκρίδης. |
| 260 | |a Θεσσαλονίκη : |b Αδερφών Κυριακίδη, |c c1999. | ||
| 300 | |a 312 σ. ; |c 24 εκ. | ||
| 504 | |a Περιέχει βιβλιογραφικές αναφορές και ευρετήριο. | ||
| 650 | 0 | 0 | |a Orthodox Eastern monasteries |z Greece |z Samos (Municipality) |
| 700 | 1 | |a Κεκρίδης, Στάθης Ν. | |
| 852 | |a INST |b SAMOS |e 20030917 |h 274.9582 ΒΑΡ |p 005300023894 |q 005300023894 |t BK |y 0 | ||
| 901 | |a BIBL3-2003-3 | ||
| 909 | |a Σ |b 087406 | ||
| 922 | |a 3ΕΛΗ |b 200111 |c ΒΙΒΛΙΟΘΗΚΗ ΠΑΝΕΠΙΣΤΗΜΙΟΥ ΑΙΓΑΙΟΥ |d ΚΑΡΑΣΤΑΘΗΣ | ||
| 970 | |a ΧΑΤΖΗΠΑΝΑΓΙΩΤΟΥ |b ΚΥΡΙΑΚΗ |z 2003/09/17 | ||